1184 1392 1963 1732 1711 1736 1213 1451 1087 1134 1327 1755 1205 1007 1329 1195 1011 1830 1939 1642 1187 1827 1241 1935 1685 1845 1464 1194 1977 1119 1268 1820 1902 1253 1210 1489 1272 1800 1593 1843 1803 1291 1287 1937 1688 1570 1370 1234 1038 1112 1382 1648 1917 1168 1182 1789 1699 1252 1565 1250 1245 1208 1209 1888 1930 1498 1601 1967 1593 1027 1145 1761 1897 1830 1202 1715 1900 1063 1365 1358 1952 1607 1001 1070 1708 1369 1915 1697 1143 1272 1607 1793 1910 1616 1809 1570 1830 1312 1750 BCNSPRNW ULIB Ver.6.0+V

เปลี่ยนเป็นภาษาไทย

Change to English
 แสดงรายละเอียดบรรณานุกรม
  กลับหน้าหลัก

Brief Record : Get Marc (ISO 2709) : E-mail record : QR code < ปิดหน้าต่าง
LEADER : 00000nam 2200000uu 4500
001    13399125207
003     ULIB
008    161110s2548||||th 000 0 tha d
020    ^a9741746881
099    ^aวพ.WQ100^bอ488ผ
100 0  ^aนางสาวอังคณา มนัสสนิท
245 14 ^aผลของการสนับสนุนด้านข้อมูลเปรียบกับสุขภาพร่วมกับการฟังดนตรีต่อความวิตกกังวลของหญิงเจ็บครรภ์คลอดก่อนกำหนดครรภ์แรก /^cนางสาวอังคณา มนัสสนิท
260    ^aกรุงเทพฯ^bคณะพยาบาลศาสตร์ จุฬาลงกรณ์มหาวิทยาลัย^c2548
300    ^a122หน้า^bตาราง
650  0 ^aคลอดก่อนกำหนด^bวิทยานิพนธ์
700 0  ^aนางสาวอังคณา มนัสสนิท
945    ^p0^l0^i001479
999    ^aวรรณษา ชูชัยมงคล
รายการนี้ยังไม่มีแท็ก
คุณยังไม่ได้ล็อกอิน คุณสามารถมีกิจกรรมร่วมกับเว็บไซต์ได้ แต่ต้องล็อกอินก่อน ::
  ล็อกอิน

รายการสื่อสารสนเทศ

ลำดับที่ ประเภท เลขเรียก/บาร์โค้ด สถานที่ สถานะ
1. วิทยานิพนธ์
วิทยานิพนธ์
วพ.WQ100 อ488ผ ฉ.1 
  Barcode: 001479
ห้องสมุดวิทยาเขตสวรรค์ประชารักษ์
► วิทยานิพนธ์
บนชั้น

BibComment


ยังไม่เคยถูกคอมเมนท์

คอมเมนท์ทรัพยากรรายการนี้
  คอมเมนท์: ผลของการสนับสนุน..


 Copyright 2026. Bcnsprnw @Library